Normal view
MARC view
Entry Personal Name
001 - CONTROL NUMBER
- control field: 79286
003 - CONTROL NUMBER IDENTIFIER
- control field: dpl
005 - DATE AND TIME OF LATEST TRANSACTION
- control field: 20250305153314.0
008 - FIXED-LENGTH DATA ELEMENTS
- fixed length control field: 250305|| aca||aabn | a|a d
040 ## - CATALOGING SOURCE
- Original cataloging agency: dpl
- Transcribing agency: dpl
100 ## - HEADING--PERSONAL NAME
- Personal name: शरण , लोकेश कुमार
670 ## - SOURCE DATA FOUND
- Source citation: Work cat.: (dpl)210107: शरण , लोकेश कुमार , भारतीय राष्ट्रीय आंदोलन में 'कालापानी' की ऐतिहासिक भूमिका /, 2023
